|
|
|
|
| LEADER |
01195nam a2200289 a 4500 |
| 001 |
20166 |
| 003 |
BD-DhAAL |
| 008 |
100425s1996 nyua b 001 0 eng d |
| 999 |
|
|
|c 8237
|d 8237
|
| 010 |
|
|
|a 95034590
|
| 020 |
|
|
|a 0412064014 (alk. paper)
|
| 020 |
|
|
|a 9780412064012
|
| 040 |
|
|
|a DLC
|c DLC
|d DLC
|d BD-DhAAL
|
| 082 |
0 |
0 |
|a 621.3121
|2 20
|
| 245 |
0 |
0 |
|a Power plant engineering /
|c by Black & Veatch ; Lawrence F. Drbal, managing editor, Patricia G. Boston, associate editor, Kayla L. Westra, associate editor.
|
| 260 |
|
|
|a New York :
|b Chapman & Hall, ;
|b Springer,
|c c1996.
|
| 300 |
|
|
|a xiv, 858 pages :
|b illustrations ;
|c 29 cm.
|
| 504 |
|
|
|a Includes bibliographical references.
|
| 541 |
1 |
|
|e 20166
|
| 650 |
|
0 |
|a Electric power-plants
|x Design and construction.
|9 40549
|
| 700 |
1 |
|
|a Drbal, Lawrence F.,
|d 1944-
|9 40550
|
| 700 |
1 |
|
|a Boston, Patricia G.,
|d 1937-
|9 40551
|
| 700 |
1 |
|
|a Westra, Kayla L.,
|d 1966-
|9 40552
|
| 710 |
2 |
|
|a Black & Veatch.
|9 40553
|
| 852 |
4 |
|
|a Ayesha Abed Library
|j General Stacks
|
| 942 |
|
|
|2 ddc
|c BK
|
| 952 |
|
|
|0 0
|1 0
|2 ddc
|4 0
|6 621_312100000000000_POW_1996
|7 0
|9 9433
|a BRACUL
|b BRACUL
|c GEN
|d 2010-04-25
|l 6
|m 61
|o 621.3121 POW
|p 3010020166
|r 2020-01-27
|s 2020-01-18
|t 1
|w 2010-04-25
|y BK
|